000 00931nam a2200265 i 4500
001 16389
003 ES-MaACL
005 20230906151316.0
007 t|
008 100906s1987 sp ||||1| spa d
020 _a968-16-2740-7
080 _a791/792(72)"17"
080 _a39(72)"17"
100 1 _aViqueira Alban, Juan Pedro.
_9115425
245 1 1 _a¿Relajados o reprimidos?
_b: diversiones públicas y vida social en la ciudad de México durante el Siglo de las Luces /
_cJuan Pedro Viqueira Alban.
250 _a1ª ed.
260 _aMéxico :
_bFondo de Cultura Económica,
_c1987.
300 _a302 p., [2] h. map. pleg. ;
_c23 cm.
490 1 _aSección de obras de historia
650 4 _aEspectáculos-
_zMéxico-
_yS.XVIII.
_912491
651 4 _aMéxico-
_xUsos y costumbres-
_yS.XVIII.
_99079
830 0 _aSección de obras de historia
_9179403
852 _aES-MaACL
_jL-23612
_bR.128658
999 _c16389
_d16389